000 00388nam a22001337a 4500
020 _a9780099493440
082 _a320.0954 HER1
100 _aHerman, Arthur
245 _aGandhi & Churchill: The Epic Rivalry that Destroyed an Empire and Forged our Age
260 _aLondon
_bArrow Books (The Random House Group Limited)
_c2008
300 _a721
650 _aIndia-Politics
942 _cBK
999 _c21190
_d21190